书目信息 |
| 题名: |
弥勒佛与药师佛
|
|
| 作者: | 樊锦诗 主编 ;王惠民 著 ;敦煌研究院 主编 | |
| 分册: | ||
| 出版信息: | 上海 华东师范大学出版社 2016 |
|
| 页数: | 183页 | |
| 开本: | 24cm | |
| 丛书名: | ||
| 单 册: | ||
| 中图分类: | K879.214 , B94 | |
| 科图分类: | ||
| 主题词: | 敦煌石窟--dun huang shi ku--研究 , 佛教--fo jiao--研究 , 壁画--bi hua , 大乘--da cheng | |
| 电子资源: | ||
| ISBN: | 978-7-5675-3781-1 | |
| 000 | 01144nam0 22003251 450 | |
| 001 | 1754468731 | |
| 005 | 20170522160345.51 | |
| 010 | @a978-7-5675-3781-1@dCNY56.00 | |
| 100 | @a20160612d2016 em y0chiy50 ea | |
| 101 | 0 | @achi |
| 102 | @aCN@b310000 | |
| 105 | @aa z 000yy | |
| 106 | @ar | |
| 200 | 1 | @a弥勒佛与药师佛@9mi le fo yu yao shi fo@f樊锦诗,敦煌研究院主编@g王惠民著 |
| 205 | @a2版 | |
| 210 | @a上海@c华东师范大学出版社@d2016 | |
| 215 | @a183页@c图,照片@d24cm | |
| 300 | @a解读敦煌 | |
| 330 | @a本书介绍了弥勒、药师两大信仰。全书分两部分:“慈爱中诞生的弥勒”包括谁是弥勒菩萨、弥勒的理想国土什么样、唐代敦煌弥勒图像等内容;“药师经变”包括谁是药师佛、药师信仰如何在中国传播、初唐药师经变等内容。 | |
| 606 | 0 | @a敦煌石窟@9dun huang shi ku@x研究 |
| 606 | 0 | @a佛教@9fo jiao@x研究 |
| 606 | 0 | @a壁画@9bi hua |
| 606 | 0 | @a大乘@9da cheng |
| 690 | @aK879.214@v5 | |
| 690 | @aB94@v5 | |
| 701 | 0 | @a樊锦诗@9fan jin shi@f(1938~)@4主编 |
| 702 | 0 | @a王惠民@9wang hui min@f(1961~)@4著 |
| 711 | 02 | @a敦煌研究院@9dun huang yan jiu yuan@4主编 |
| 801 | 0 | @aCN@b百万庄@c20170512 |
| 905 | @b1005054-9@dK879.214@e349=2@f6 | |
| 弥勒佛与药师佛/樊锦诗,敦煌研究院主编/王惠民著.-2版.-上海:华东师范大学出版社,2016 |
| 183页:图,照片;24cm |
| 解读敦煌 |
| ISBN 978-7-5675-3781-1:CNY56.00 |
| 本书介绍了弥勒、药师两大信仰。全书分两部分:“慈爱中诞生的弥勒”包括谁是弥勒菩萨、弥勒的理想国土什么样、唐代敦煌弥勒图像等内容;“药师经变”包括谁是药师佛、药师信仰如何在中国传播、初唐药师经变等内容。 |
| ● |
| 相关链接 |
|
|
|
|
正题名:弥勒佛与药师佛
索取号:K879.214/349=2
 
预约/预借
| 序号 | 登录号 | 条形码 | 馆藏地/架位号 | 状态 | 备注 |
| 1 | 1005054 | 210050549 | 第二样本阅览室/ [索取号:K879.214/349=2] | 在馆 | |
| 2 | 1005055 | 210050558 | 教育系资料室/ [索取号:K879.214/349=2] | 在馆 | |
| 3 | 1005056 | 210050567 | 教育系资料室/ [索取号:K879.214/349=2] | 在馆 | |
| 4 | 1005057 | 210050576 | 教育系资料室/ [索取号:K879.214/349=2] | 在馆 | |
| 5 | 1005058 | 210050585 | 第二借阅区/ [索取号:K879.214/349=2] | 在馆 | |
| 6 | 1005059 | 210050594 | 第二借阅区/ [索取号:K879.214/349=2] | 在馆 |